000 00725nam a2200217 i 4500
001 89245
003 ES-MaACL
005 20250304063101.0
007 t|
008 050105s1961 sp ||||1|bspa d
080 _a946"1931/39"(093.32)
080 _a929(Largo Caballero, Francisco)
100 1 _aLargo Caballero, Francisco,
_d1869-1946
_9234653
245 1 0 _aCorrespondencia secreta /
_cFrancisco Largo Caballero ; prólogo y notas por Mauricio Carlavilla.
260 _aMadrid :
_bNos,
_c1961.
300 _a333 p. ;
_c24 cm.
651 4 _aEspaña-
_xHistoria-
_y1931-1939, II República-
_vFuentes.
_98289
700 1 _aCarlavilla, Mauricio.
_935255
852 _aES-MaACL
_jC-20116
999 _c89245
_d89245